Statistics for Countries Bigger Than Alaska

Click here to take the quiz!

General Stats

  • This quiz has been taken 82 times
  • The average score is 14 of 16

Answer Stats

kmĀ² Country % Correct
17,098,246Russia
100%
9,596,961China
100%
9,984,670Canada
99%
7,692,024Australia
99%
8,515,767Brazil
97%
3,287,263India
95%
2,149,690Saudi Arabia
94%
2,381,741Algeria
86%
2,724,900Kazakhstan
86%
2,780,400Argentina
86%
1,964,375Mexico
82%
1,910,931Indonesia
81%
2,166,086Denmark (Greenland)
75%
1,861,484Sudan
71%
2,344,858D.R. Congo
34%
1,759,540Libya
%

Score Distribution

Percentile by Number Answered

Percent of People with Each Score

Your Score History

You have not taken this quiz